00693 2200253 4500001002100000005001700021008004100038035002400079082001400103090002100117100002400138245009100162250001100253260002200264300002500286500002700311650001700338700002100355850001500376980001500391985000600406986001200412999001500424YOGYA-0209000000391920090227020651.0 ind  0010-020900000003919 a621.38416 a621.38416bYur E aYURY, RM. Francis D aElektronika untuk calon delta dan oraricRM. Francis D. Yury ; editor, A. Yubonoma V.J aCet. 3 aSolobAnekac1994 a109 hlmbilusc21 cm aBibliografi : hlm. 109 aRadio amatir aYubonoma V.J., A aYOPDYOG(B) a03-27-2006 a1 aMrrtrev a97P0092408